| 000 | 00580nam a2200193 a 4500 | ||
|---|---|---|---|
| 005 | 20140310183523.0 | ||
| 008 | 110803s19uu xx 00 eng d | ||
| 020 | _a9780078050008 | ||
| 050 |
_aBF 698.A1 _b.T35 2011 |
||
| 245 |
_aTaking sides: _bClashing views in personality psychology. / _cEdited by Laurel C. Newman. |
||
| 260 |
_aNew York : _bMacGraw-Hill, _c2011. |
||
| 300 |
_a316 p. : _c22 cm. |
||
| 521 | _aPSYCH | ||
| 650 | _aSocial psychology- United States. | ||
| 700 | _aNewman,Laurel C. | ||
| 700 | _aRandy J. Larsen | ||
| 942 |
_cBK _2lcc _kFOR |
||
| 999 |
_c24445 _d24445 |
||